| 000 | 01527nam a2200325 c 4500 | ||
|---|---|---|---|
| 999 |
_c342988 _d342988 |
||
| 003 | BLK | ||
| 005 | 20240623004114.0 | ||
| 008 | 180911b bul|||||r ||||||| ||bul|| | ||
| 010 | _a002649 | ||
| 040 | _aBLK | ||
| 041 |
_aBUL _cBUL |
||
| 080 |
_aХристов, Кирил _x92 _z886.7-1(092)92 |
||
| 100 | 1 |
_eпърви автор _9399403 |
|
| 245 | 1 | 0 | _aКирил ХРИСТОВ |
| 246 |
_aИздава комитет за отпразнуване четиридесет и пет годишната книжовна дейност на поета в Стара Загора на 18 декември 1938 _bХРИСТОВ |
||
| 260 |
_aСтара Загора _c1938 _fСтара Загора : Светлина |
||
| 300 |
_a12 с. : с ил., 1 л _bпортр. _c31 см |
||
| 380 | _a82 | ||
| 490 |
_aЧастна колекция - Академик Михаил Арнаудов _gДарение - Основен фонд |
||
| 500 | _aМихаил Арнаудов: негови-книга. - Бележка : Разшифрова инициалите "Г.Д.К. - Георги Кожухаров" : с. 12 | ||
| 650 |
_aПисатели _9166332 |
||
| 650 |
_aБиографии _9148657 |
||
| 650 |
_aКритика _9159735 |
||
| 650 | 0 |
_aПисатели, български _9241944 |
|
| 655 |
_aбългарско литературознание _9396216 |
||
| 852 | _aМА 2965 | ||
| 942 |
_cKNG _n0 _s1 |
||
| 944 |
_aCR _c1994 _k _lCRON CRON |
||
| 999 | _d342988 | ||